书目信息 |
| 题名: |
电气控制与PLC
|
|
| 作者: | 魏岸若 , 吴敏 , 杨思阳 主编 | |
| 分册: | ||
| 出版信息: | 西安 西北工业大学出版社 2021.4 |
|
| 页数: | 251页 | |
| 开本: | 26cm | |
| 丛书名: | ||
| 单 册: | ||
| 中图分类: | TM571.2 , TM571.61 | |
| 科图分类: | ||
| 主题词: | 电气控制--教材 , PLC技术--教材 | |
| 电子资源: | ||
| ISBN: | 978-7-5612-5414-1 | |
| 000 | 01073nam0 2200289 45 | |
| 001 | 012001002836 | |
| 005 | 20141010095903.0 | |
| 010 | @a978-7-5612-5414-1@dCNY36.00 | |
| 100 | @a20171220d2017 em y0chiy50 ea | |
| 101 | 0 | @achi |
| 102 | @aCN@b610000 | |
| 105 | @aa z 000yy | |
| 106 | @ar | |
| 200 | 1 | @a电气控制与PLC@Adian qi kong zhi yu PLC@f魏岸若,吴敏,杨思阳主编 |
| 210 | @a西安@c西北工业大学出版社@d2021.4 | |
| 215 | @a251页@c图@d26cm | |
| 300 | @a校企合作优秀教材 精品课程配套教材 21世纪应用型人才培养“十三五”规划教材 | |
| 330 | @a本书共8章,包括常用低压电器、三相异步电动机电气控制线路、单相异步电动机电气控制线路、常用机床电气控制线路、典型生产机械电气控制线路、可编程序控制器及变频器的应用、计算机控制技术在电力拖动中的应用、技能实训。 | |
| 606 | 0 | @a电气控制@j教材 |
| 606 | 0 | @aPLC技术@j教材 |
| 690 | @aTM571.2@v5 | |
| 690 | @aTM571.61@v5 | |
| 701 | 0 | @a魏岸若@Awei an ruo@4主编 |
| 701 | 0 | @a吴敏@Awu min@c(电路基础)@4主编 |
| 701 | 0 | @a杨思阳@Ayang si yang@4主编 |
| 801 | 2 | @aCN@bBJSDL@c20211018 |
| 905 | @b1350519-22@dTM571.2@e64@f4 | |
| 电气控制与PLC/魏岸若,吴敏,杨思阳主编.-西安:西北工业大学出版社,2021.4 |
| 251页:图;26cm |
| 校企合作优秀教材 精品课程配套教材 21世纪应用型人才培养“十三五”规划教材 |
| ISBN 978-7-5612-5414-1:CNY36.00 |
| 本书共8章,包括常用低压电器、三相异步电动机电气控制线路、单相异步电动机电气控制线路、常用机床电气控制线路、典型生产机械电气控制线路、可编程序控制器及变频器的应用、计算机控制技术在电力拖动中的应用、技能实训。 |
| ● |
| 相关链接 |
|
|
|
|
正题名:电气控制与PLC
索取号:TM571.2/64
 
预约/预借
| 序号 | 登录号 | 条形码 | 馆藏地/架位号 | 状态 | 备注 |
| 1 | 1350519 | 213505198 | 第二样本阅览室/ [索取号:TM571.2/64] | 在馆 | |
| 2 | 1350520 | 213505205 | 第三借阅区/ [索取号:TM571.2/64] | 在馆 | |
| 3 | 1350521 | 213505214 | 第三借阅区/ [索取号:TM571.2/64] | 在馆 | |
| 4 | 1350522 | 213505223 | 第三借阅区/ [索取号:TM571.2/64] | 在馆 |